Catálogo

MEDITACION EFICAZ PARA GENTE OCUPADA (Registro nro. 48798)

Detalles MARC
000 -LEADER
fixed length control field 00993nam a2200217 a 4500
001 - CONTROL NUMBER
control field 48798
005 - DATE AND TIME OF LATEST TRANSACTION
control field 20180714033232.0
008 - FIXED-LENGTH DATA ELEMENTS--GENERAL INFORMATION
fixed length control field 140415s2004 ck 000 0 spa d
020 ## - INTERNATIONAL STANDARD BOOK NUMBER
International Standard Book Number 9580483655
041 ## - LANGUAGE CODE
Language code of text/sound track or separate title spa
082 ## - DEWEY DECIMAL CLASSIFICATION NUMBER
Classification number 291.4
Item number DOV
100 1# - MAIN ENTRY--PERSONAL NAME
Personal name DOVE, PRAGITO
245 10 - TITLE STATEMENT
Title MEDITACION EFICAZ PARA GENTE OCUPADA
250 ## - EDITION STATEMENT
Edition statement 1a ed.
260 ## - PUBLICATION, DISTRIBUTION, ETC.
Place of publication, distribution, etc. COLOMBIA :
Name of publisher, distributor, etc. NORMA,
Date of publication, distribution, etc. 2004
300 ## - PHYSICAL DESCRIPTION
Extent 138
Dimensions 14 x 1.6 x 20.9
520 ## - SUMMARY, ETC.
Summary, etc. EN ESTE LIBRO, PRAGITO DOVE, QUE FUE DISCIPULA DE OSHO DESCRIBE UNA AMPLIA GAMA DE TECNICAS DE MEDITACION Y RELAJACION QUE HA APRENDIDO Y ENSEÑADO DURANTE LOS ULTIMOS VEINTIDOS AÑOS. NO OBEDECEN A UNA UNICA TRADICION, PUES REUNEN TODOAS LAS TRADICIONES QUE LA AUTORA HA ESTUDIADO, ORIENTALES Y OCCIDENTALES Y SE PRESENTAN PARA EXPERIMENTAR Y ESCOJER LAS QUE MAS SE ACOPLEN A UN ESTILO DE VIDA.
650 14 - SUBJECT ADDED ENTRY--TOPICAL TERM
Topical term or geographic name entry element ESPIRITUALIDAD
General subdivision MEDITACIONES
-- VIDA ESPIRITUAL
700 1# - ADDED ENTRY--PERSONAL NAME
Personal name CAMACHO KOPPEL, ROSARIO
Relator term tr.
740 ## - ADDED ENTRY--UNCONTROLLED RELATED/ANALYTICAL TITLE
Uncontrolled related/analytical title LUNCHTIME ENLIGHTENMENT
Existencias
Withdrawn status Lost status Source of classification or shelving scheme Damaged status Not for loan Collection code Home library Current library Shelving location Date acquired Source of acquisition Inventory number Total Checkouts Full call number Barcode Date last seen Date last checked out Price effective from Koha item type
    Dewey Decimal Classification     General Biblioteca Karol Wojtyla Biblioteca Karol Wojtyla Sala general 03/12/2013 Compra 151000000000000000058527 3 291.4 DOV 72843 05/01/2026 09/09/2019 03/12/2013 Libro